Top 10 Hottest European Countries - Statistics

General Stats
  • This quiz has been taken 126,578 times
    126,508 since last reset
  • The average score is 9 of 10
Answer Stats
° C Country ° F % Correct
14.2 Spain 57.6
99%
14.6 Italy 58.3
98%
15.8 Greece 60.4
97%
16.1 Portugal 61.0
97%
20.3 Malta 68.5
89%
12.4 Croatia 54.2
83%
16.8 Vatican City 62.2
83%
12.9 Albania 55.1
82%
14.2 San Marino 57.6
81%
13.9 Monaco 57.0
79%
No matching quizzes found
Score Distribution
Percent of People with Each Score
Percentile by Number Answered
Your Score History
You have not taken this quiz since the last reset